| 000 | 01136nam a2200313 i 4500 | ||
|---|---|---|---|
| 001 | 11205 | ||
| 003 | KOSZ 005 | ||
| 005 | 20210528104042.0 | ||
| 008 | 080312s1967 pl a f 001 0 pol | ||
| 015 | _aPB 1967/9566 | ||
| 040 |
_aWA N _cKOSZ 005/RW _dKOSZ 005/RW _dKOSZ 005/HR |
||
| 046 | _k1967 | ||
| 080 | _a331.82 | ||
| 100 | 1 |
_aMakarewicz, Bohdan. _eAutor |
|
| 245 | 1 | 0 |
_aPopularny poradnik bhp / _cBohdan Makarewicz. |
| 246 | 1 | 4 | _aBhp. |
| 246 | 3 | _aPopularny poradnik bezpieczeństwa i higieny pracy. | |
| 250 | _aWyd. 2. | ||
| 260 |
_aWarszawa : _bWydawnictwo Związkowe Centralnej Rady Związków Zawodowych, _c1967. |
||
| 300 |
_a799, [1] s. : _bil. ; _c25 cm. |
||
| 380 | _aKsiążki. | ||
| 388 | _a1901- | ||
| 504 | _aBibliogr. przy rozdz. Indeks. | ||
| 521 | 8 | _aDla społ. nadzoru nad warunkami pracy, komisji ochrony pracy, personelu adm. służby bhp. | |
| 650 | 4 | _aBHP | |
| 710 | 2 |
_aWydawnictwo Związkowe Centralnej Rady Związków Zawodowych _4pbl. |
|
| 856 |
_uhttp://koha.tu.koszalin.pl/cgi-bin/koha/opac-detail.pl?biblionumber=11205 _yKatalog online BPK |
||
| 942 |
_2UKD _cKS |
||
| 999 |
_c11205 _d11205 |
||